| 000 | 00855nmm a2200253 a 4500 | ||
|---|---|---|---|
| 001 | ocm0001299600 | ||
| 003 | TR-IsHL | ||
| 005 | 20201028162503.0 | ||
| 008 | 160715s2008 tu tur | ||
| 007 | cr cn | ||
| 035 |
_a1299600 _b(N$T) |
||
| 050 | 0 | 4 |
_aGV1114.6 _b.Y55 2008 |
| 090 | 0 | 4 |
_aGV1114.6 _b.Y55 2008 |
| 100 | 1 | _aYılmaz, Yüksel | |
| 245 | 1 | 0 |
_aBruce Lee system: Jeet Kune Do'nun felsefesi _h[electronic resource] / _cYüksel Yılmaz |
| 260 |
_aİstanbul : _bYalın Yayıncılık, _c2008 |
||
| 300 | _a241 p. | ||
| 650 | 4 | _aSpor, Seyahat ve Turizm | |
| 650 | 4 | _aSports, Travel & Tourism | |
| 650 | 0 | _aLee, Bruce, 1940-1973 | |
| 650 | 0 | _aJeet Kune Do | |
| 650 | 7 |
_aSPORTS & RECREATION / Martial Arts & Self-Defense _2bisacsh |
|
| 856 | 4 | 0 | _uhttp://search.ebscohost.com/login.aspx?direct=true&scope=site&db=e011xww&AN=1299600 |
| 999 |
_c14781 _d14781 |
||